Libertad de expresion y derechos de los periodistas (Record no. 166217)

MARC details
000 -LEADER
fixed length control field 00898nam a22002177a 4500
005 - DATE AND TIME OF LATEST TRANSACTION
control field 20230220184854.0
008 - FIXED-LENGTH DATA ELEMENTS--GENERAL INFORMATION
fixed length control field 230220b mx ||||| |||| 00| 0 spa d
020 ## - INTERNATIONAL STANDARD BOOK NUMBER
International Standard Book Number 9786075490649
050 04 - LIBRARY OF CONGRESS CALL NUMBER
Classification number KGF3015
Item number A67 2018
100 1# - MAIN ENTRY--PERSONAL NAME
Personal name Apreza Salgado, Socorro,
Relator term autor
245 10 - TITLE STATEMENT
Title Libertad de expresion y derechos de los periodistas
Statement of responsibility, etc / Socorro Apreza Salgado.
250 ## - EDITION STATEMENT
Edition statement 1a ed.
260 ## - PUBLICATION, DISTRIBUTION, ETC. (IMPRINT)
Place of publication, distribution, etc México :
Name of publisher, distributor, etc Universidad Nacional Autónoma de México, Instituto Nacional de Estudios Históricos de las Revoluciones de México, Instituto de Investigaciones Jurídicas,
Date of publication, distribution, etc c2018
300 ## - PHYSICAL DESCRIPTION
Extent xxi, 133 p. ;
Dimensions 20 cm.
490 #0 - SERIES STATEMENT
Series statement Biblioteca Constitucional. Nuestros Derechos.
504 ## - BIBLIOGRAPHY, ETC. NOTE
Bibliography, etc Bibliografía : p. 123-133
650 #4 - SUBJECT ADDED ENTRY--TOPICAL TERM
Topical term or geographic name as entry element Libertad de prensa
650 #4 - SUBJECT ADDED ENTRY--TOPICAL TERM
Topical term or geographic name as entry element Libertad de información
Geographic subdivision México
650 #4 - SUBJECT ADDED ENTRY--TOPICAL TERM
Topical term or geographic name as entry element Periodistas |x Condicion juridica, leyes, etc.
Geographic subdivision México
942 ## - ADDED ENTRY ELEMENTS (KOHA)
Source of classification or shelving scheme Biblioteca del Cogreso de los Estados Unidos
Koha item type Libro
Holdings
Estado de pérdida Fuente de clasificación Estado del daño No para préstamo Ubicación permanente Ubicación actual Apartado o colección Fecha de adquisición Fuente de adquisición Edición Área del conocimiento Total Checkouts Clasificación Código de Barras Date last seen Número de copia Costo por reposición Tipo de recurso
  Biblioteca del Cogreso de los Estados Unidos     Biblioteca de la Facultad de Derecho y Ciencias Sociales "Felipe J. Tena" Biblioteca de la Facultad de Derecho y Ciencias Sociales "Felipe J. Tena" General 20/02/2023 Donación 1a ed. Ciencias Sociales y Administrativas   KGF3015 A67 2018 BFD000014866 20/02/2023 1 1.00 Libro